000 00468nam a2200193Ia 4500
005 20240823055313.0
008 240823s9999||||xx |||||||||||||| ||und||
020 _a0-486-43872-4
041 _aENGLISH
082 _A550.15118 P5
100 _aGeorge Christakos
245 0 _aRandom Field Models in Earth Sciences
250 _a1st
260 _c2005
_bDover Publica
500 _aYES
650 _aRandom Process
_bMechanical
942 _cBK
999 _c228475
_d228475